[Event "21st Poznan Open"]
[Site "Poznan POL"]
[Date "2013.08.14"]
[Round "9.14"]
[White "Kiwilsza,Piotr"]
[Black "Maksimenko,Andrei Jr"]
[Result "0-1"]
[WhiteElo "1742"]
[BlackElo "1939"]

1.e4 c5 2.Nf3 e6 3.d4 cxd4 4.Nxd4 a6 5.Nc3 Qc7 6.Be2 b5 7.Bf3 Bb7 8.O-O d6
9.Be3 Nf6 10.a3 Nbd7 11.Re1 Be7 12.Bg5 O-O 13.Qd2 h6 14.Bh4 Ne5 15.Bxf6 Bxf6
16.Nce2 Nxf3+ 17.gxf3 d5 18.Ng3 dxe4 19.fxe4 Rad8 20.c3 e5 21.Nh5 Qb6 22.Nxf6+ Qxf6
23.f4 exd4 24.e5 Qg6+ 25.Kf1 dxc3 26.Qg2 Qxg2+  0-1

[Event "12th Lichtenberger Sommer"]
[Site "Berlin GER"]
[Date "2013.08.18"]
[Round "2.43"]
[White "Hertwig,C"]
[Black "Kuckel,A"]
[Result "1-0"]
[WhiteElo "2052"]
[BlackElo "1937"]

1.e4 c5 2.Nf3 e6 3.d4 cxd4 4.Nxd4 a6 5.Nc3 Qc7 6.Be2 b5 7.a3 Nf6 8.Bf3 Bb7
9.O-O Bc5 10.Nb3 Bd6 11.g3 Nc6 12.Bg2 O-O 13.f4 e5 14.Be3 Be7 15.Qe2 b4 16.Nd5 Nxd5
17.exd5 Nd8 18.axb4 Bxb4 19.Ra4 a5 20.Rd1 exf4 21.Bxf4 Bd6 22.Bc1 Ba6 23.Qh5 Qxc2
24.Be4 g6 25.Bxc2 gxh5 26.Rh4 Rc8 27.Bxh7+ Kxh7 28.Rxh5+ Kg6 29.Rh6+ Kf5
30.Nd4+ Ke4 31.Rxd6 Bd3 32.Nb3 Be2 33.Rd4+ Kf5 34.h3 Rc4 35.g4+  1-0

[Event "12th Lichtenberger Sommer"]
[Site "Berlin GER"]
[Date "2013.08.18"]
[Round "2.20"]
[White "Schmidek,Emil"]
[Black "Rohde,W"]
[Result "0-1"]
[WhiteElo "1931"]
[BlackElo "2171"]

1.e4 c5 2.Nf3 a6 3.d4 cxd4 4.Nxd4 e6 5.Nc3 Qc7 6.Bd3 b5 7.O-O b4 8.Nce2 Bb7
9.Nb3 Nf6 10.Ng3 h5 11.Re1 Nc6 12.Qe2 Bd6 13.f4 Bxf4 14.Bxf4 Qxf4 15.e5 Ng4
16.Rf1 Qxe5 17.Qxe5 Ncxe5 18.Nc5 Bc6 19.Nxa6 h4 20.Nc7+ Kd8 21.Nxa8 hxg3
22.h3 Nf2 23.Rae1 Nexd3 24.cxd3 Rxh3 25.Rxf2 gxf2+ 26.Kxf2 Rxd3 27.Nb6 Rd2+
28.Re2 Rxe2+ 29.Kxe2 Kc7  0-1

[Event "21st Troya Open 2013"]
[Site "Canakkale TUR"]
[Date "2013.08.18"]
[Round "2.14"]
[White "Agdelen,Huseyin Can"]
[Black "Gholami,A"]
[Result "0-1"]
[WhiteElo "1782"]
[BlackElo "2163"]

1.e4 c5 2.Nf3 e6 3.d4 cxd4 4.Nxd4 a6 5.Nc3 Qc7 6.Bd3 Nc6 7.Nxc6 dxc6 8.Qe2 e5
9.O-O Nf6 10.Kh1 Bd6 11.f4 Bg4 12.Qf2 exf4 13.Bxf4 Bxf4 14.Qxf4 Qxf4 15.Rxf4 Be6
16.Re1 O-O-O 17.e5 Nd7 18.Bf5 Rhf8 19.h3 g6 20.Bxe6 fxe6 21.Rfe4 Rf2 22.R4e2 Rdf8
23.Kg1 Rxe2 24.Nxe2 c5 25.Ng3 Kc7 26.Ne4 Rf5 27.g4 Rxe5 28.Kf2 b6 29.c4 h6
30.Re2 Kd8 31.Kf3 Ke7 32.Rd2 g5 33.b3 b5 34.Rd1 Nb8 35.Nf2 Nc6 36.Ne4 a5
37.Rd2 a4 38.Rd1 axb3 39.axb3 Nd4+ 40.Ke3 Nxb3 41.cxb5 c4 42.b6 Nc5 43.Rd4 c3
44.b7 Nxb7 45.Kd3 Nc5+  0-1

[Event "21st Troya Open 2013"]
[Site "Canakkale TUR"]
[Date "2013.08.18"]
[Round "2.1"]
[White "Uysal,Burak"]
[Black "Quparadze,G"]
[Result "0-1"]
[WhiteElo "1921"]
[BlackElo "2500"]

1.e4 c5 2.Nf3 e6 3.d4 cxd4 4.Nxd4 a6 5.Nc3 Qc7 6.g3 d6 7.Bg2 Nc6 8.O-O Be7
9.Re1 Bd7 10.a4 Nf6 11.Nxc6 Bxc6 12.a5 O-O 13.Be3 Rae8 14.Bd4 Nd7 15.Qe2 Bf6
16.Bxf6 Nxf6 17.Qc4 Nd7 18.Red1 Ne5 19.Qb4 Rd8 20.Rd4 f5 21.Rad1 fxe4 22.Rxd6 e3
23.fxe3 Rde8 24.Qd4 Qf7 25.Rf1 Qxf1+  0-1

[Event "21st Troya Open 2013"]
[Site "Canakkale TUR"]
[Date "2013.08.21"]
[Round "6.5"]
[White "Konyalioglu,Mehmet Ali"]
[Black "Quparadze,G"]
[Result "0-1"]
[WhiteElo "1515"]
[BlackElo "2500"]

1.e4 c5 2.Nf3 e6 3.d4 cxd4 4.Nxd4 a6 5.Nc3 Qc7 6.Be2 Nf6 7.O-O Nc6 8.Be3 Bb4
9.f3 O-O 10.Nb3 Bxc3 11.bxc3 d5 12.exd5 Nxd5 13.Bd2 Ne5 14.Qe1 Nc4 15.Bxc4 Qxc4
16.Qe4 Qxe4 17.fxe4 Nf6 18.Rfe1 Bd7 19.Nd4 b5 20.h3 Rfc8 21.Rab1 Rc4 22.Rb4 Rac8
23.e5 Nd5 24.Rxc4 Rxc4 25.Nb3 h6 26.Rd1 Bc8 27.Kf2 Kh7 28.Nd4 Nxc3 29.Bxc3 Rxc3
30.Ke2 Bb7 31.Rg1 Rc5 32.g4 Rxe5+ 33.Kd3 Be4+ 34.Kd2 Rd5 35.Ke3 Bg6 36.Rc1 e5
37.Nf5 Bxf5 38.gxf5 f6 39.c4 Rc5 40.Kd3 Rxc4 41.Rxc4 bxc4+ 42.Kxc4 g6  0-1

[Event "74th ch-ARM 1st League"]
[Site "Yerevan ARM"]
[Date "2013.08.21"]
[Round "1.5"]
[White "Kalashian,D"]
[Black "Vardanian,HaiG"]
[Result "1/2-1/2"]
[WhiteElo "2409"]
[BlackElo "2339"]

1.e4 c5 2.Nc3 e6 3.Nf3 a6 4.d4 cxd4 5.Nxd4 Qc7 6.Qf3 Nf6 7.Bg5 Be7 8.O-O-O Nc6
9.h4 d6 10.Be2 Bd7 11.Rhe1 Rc8 12.Kb1 b5 13.Nxc6 Bxc6 14.Bd3 Qb7 15.Qg3 O-O
16.Bh6 Ne8 17.h5 Kh8 18.Bg5 Bxg5 19.Qxg5 h6 20.Qe3 Nf6 21.f3 e5 22.g4 Nh7
23.Ne2 Bd7 24.Rg1 Ng5 25.f4 exf4 26.Nxf4 Bc6 27.Ne2 Bxe4 28.Ng3 d5 29.Bxe4 dxe4
30.Nf5 Qc7 31.c3 Rfd8 32.a3 Rxd1+ 33.Rxd1 Rd8 34.Rd4 Kh7 35.Ka1 a5 36.Ka2 Rb8
37.Kb1 Rb6 38.Rd5 b4 39.Qd4 Rf6 40.cxb4 axb4 41.Qxb4 Qf4 42.Rd8 Rxf5 43.gxf5 Qxf5
44.Ka2 Ne6 45.Rd1 Qf3 46.Rc1 Nf4 47.Qb5 Nd3 48.Rc8 Qf1 49.Qe8 Nc1+ 50.Rxc1 Qxc1
51.Qxe4+ g6 52.hxg6+ fxg6 53.Qe7+ Kg8 54.Qe6+ Kg7 55.Qe5+ Kf7 56.Qd5+ Ke7
57.a4 Qg5 58.Qb7+ Kd6 59.Qb6+ Kd7 60.Qa7+ Kc6 61.Qa8+ Kb6 62.Qb8+ Kc6 63.Qe8+ Kb6
64.Qe6+ Kb7 65.Qd7+ Kb6 66.Qd6+ Kb7 67.b3 h5 68.Qb4+ Ka6 69.Qc4+ Kb6 70.Qe6+ Kb7
71.Qd7+ Kb6 72.Qd6+ Kb7 73.Ka3 Qc1+ 74.Kb4 Qe1+ 75.Ka3  1/2-1/2

[Event "21st Troya Open 2013"]
[Site "Canakkale TUR"]
[Date "2013.08.22"]
[Round "7.19"]
[White "Temel,Burcu Melis"]
[Black "Salepci,O"]
[Result "0-1"]
[WhiteElo "1725"]
[BlackElo "2130"]

1.e4 c5 2.Nf3 e6 3.d4 cxd4 4.Nxd4 a6 5.Nc3 Qc7 6.Be2 Nf6 7.a3 b5 8.O-O Bb7
9.Bf3 d6 10.g3 Nbd7 11.Bg2 Be7 12.h3 Rc8 13.Kh2 O-O 14.f4 Rfd8 15.f5 e5 16.Nb3 Nb6
17.Qe2 d5 18.exd5 Nfxd5 19.Nxd5 Bxd5 20.Bxd5 Rxd5 21.Rf2 Nc4 22.Qg4 f6 23.a4 b4
24.h4 Rcd8 25.h5 Kh8 26.h6 gxh6 27.Bxh6 Bf8 28.Bxf8 Rxf8 29.Rh1 Rg8 30.Qh4 Qg7
31.Rg1 Ne3 32.Rf3 Ng4+ 33.Kg2 e4 34.Rf4 Ne3+ 35.Kf2 Nxf5 36.Qh3 Qa7+  0-1

[Event "74th ch-ARM 1st League"]
[Site "Yerevan ARM"]
[Date "2013.08.23"]
[Round "3.4"]
[White "Harutjunyan,G"]
[Black "Vardanian,HaiG"]
[Result "1/2-1/2"]
[WhiteElo "2458"]
[BlackElo "2339"]

1.e4 c5 2.Nf3 e6 3.d4 cxd4 4.Nxd4 a6 5.Nc3 Qc7 6.Qf3 Nc6 7.Be3 Nf6 8.O-O-O Bc5
9.Be2 Nxd4 10.Bxd4 Bxd4 11.Rxd4 O-O 12.Qg3 Qxg3 13.hxg3 e5 14.Rd6 b5 15.Rb6 Ra7
16.Rd1 Bb7 17.g4 h6 18.f4 Bc6 19.fxe5 Nh7 20.a4 bxa4 21.Bxa6 Ng5 22.Bb5 a3
23.Bxc6 axb2+ 24.Kxb2 dxc6 25.Ra1 Rd7 26.Kc1 Rfd8 27.Rba6 Kh7 28.Rxc6 Nxe4
29.Raa6 Rd4 30.Ra7 Ng5 31.Ra4 Rxa4 32.Nxa4 Rd4 33.Nb6 Rxg4 34.c4 Rxg2 35.c5 Re2
36.Nd7 Ne6 37.Rd6 h5 38.c6 Re4 39.Kd2 h4 40.Kd3 Re1 41.Kd2 Re4 42.Kd3 Re1  1/2-1/2

[Event "Brasschaat Open 2013"]
[Site "Brasschaat BEL"]
[Date "2013.08.24"]
[Round "8.7"]
[White "Mengerink,Y"]
[Black "Izsak,Gyu"]
[Result "0-1"]
[WhiteElo "2187"]
[BlackElo "2452"]

1.e4 c5 2.Nf3 e6 3.d4 cxd4 4.Nxd4 a6 5.Nc3 Qc7 6.Be3 Bb4 7.Qd2 Nf6 8.Bd3 d5
9.exd5 Nxd5 10.Nde2 Nxe3 11.Qxe3 Nd7 12.Qd4 Bf8 13.O-O-O Qe5 14.Qa4 Be7 15.Bb5 Qc7
16.Bd3 Rb8 17.Qg4 O-O 18.Qh3 g6 19.f4 Nc5 20.g4 b5 21.Rhf1 Bb7 22.Ng3 Nxd3+
23.Rxd3 Rfd8 24.Rxd8+ Rxd8 25.f5 Qe5 26.Nd1 b4 27.Nh1 Bg5+ 28.Kb1 Bf6 29.Nhf2 Qe2
30.fxg6 hxg6 31.Rg1 Rd2 32.Qe3 Qxe3 33.Nxe3 Rxf2  0-1

[Event "18th Vienna Open 2013"]
[Site "Vienna AUT"]
[Date "2013.08.25"]
[Round "9.3"]
[White "Krivoborodov,E"]
[Black "Drozdowski,K"]
[Result "0-1"]
[WhiteElo "2502"]
[BlackElo "2437"]

1.e4 c5 2.Nf3 e6 3.d4 cxd4 4.Nxd4 a6 5.Nc3 Qc7 6.Qf3 d6 7.Qg3 Nf6 8.Be3 Nbd7
9.O-O-O Nc5 10.f3 Bd7 11.Be2 Rc8 12.Kb1 b5 13.Bxb5 axb5 14.Ndxb5 Qa5 15.Nxd6+ Bxd6
16.Qxd6 Rc6 17.Qb8+ Rc8 18.Qe5 O-O 19.Bg5 Ne8 20.Rxd7 f6 21.Bxf6 Nxf6 22.Rd6 Qc7
23.Rhd1 Ne8 24.Rxe6 Nxe6 25.Qxe6+ Kh8 26.e5 Rd8 27.Re1 Qa5 28.Qc4 Rb8 29.a4 Nc7
30.Re4 Rfc8 31.b4 Qb6 32.Qb3 Qg1+ 33.Kb2 Qxg2 34.e6 Qxf3 35.e7 Qf6 36.Ka2 Re8
37.b5 Rxe7 38.Rc4 h6 39.a5  0-1

[Event "15th Sants Open 2013"]
[Site "Barcelona ESP"]
[Date "2013.08.26"]
[Round "4.9"]
[White "Vocaturo,D"]
[Black "Kalegin,E"]
[Result "1-0"]
[WhiteElo "2549"]
[BlackElo "2417"]

1.e4 c5 2.Nf3 e6 3.d4 cxd4 4.Nxd4 a6 5.Nc3 b5 6.Bd3 Qb6 7.Nf3 Qc7 8.O-O Bb7
9.Re1 Be7 10.e5 f5 11.Bf4 Nh6 12.h3 O-O 13.a4 b4 14.Nb1 Nc6 15.Nbd2 Nd8 16.Bg5 Bxg5
17.Nxg5 Nhf7 18.Nxf7 Nxf7 19.Qe2 a5 20.Nc4 Bd5 21.b3 f4 22.f3 Bxc4 23.Bxc4 Nh6
24.Qd2 Rf5 25.Rad1 Ra7 26.Bb5 Rf7 27.Re4 Nf5 28.Rxf4 Qxe5 29.Re4 Qf6 30.Qf2 Rc7
31.Qb6 Rxc2 32.Bxd7 Rxg2+ 33.Kxg2 Nh4+ 34.Kg1 Qxf3 35.Qd8+ Rf8 36.Bxe6+ Kh8
37.Qxf8+ Qxf8 38.Rc4 Nf3+ 39.Kh1  1-0

[Event "ch-ESP Rapid 2013"]
[Site "Linares ESP"]
[Date "2013.08.26"]
[Round "1.4"]
[White "Navarrete Espi,S"]
[Black "Illescas Cordoba,M"]
[Result "0-1"]
[WhiteElo "2214"]
[BlackElo "2608"]

1.e4 c5 2.Nf3 e6 3.d4 cxd4 4.Nxd4 a6 5.Nc3 d6 6.Be3 b5 7.f3 Bb7 8.Qd2 Ne7
9.g4 Nec6 10.O-O-O Nxd4 11.Bxd4 Nc6 12.Be3 Be7 13.Kb1 Rc8 14.a3 O-O 15.g5 b4
16.axb4 Nxb4 17.h4 Qa5 18.g6 hxg6 19.h5 gxh5 20.Bd4 Rxc3 21.Qxc3 Qa2+ 22.Kc1 Bg5+
23.Be3 Rc8 24.Qxc8+ Bxc8 25.Bxg5 Qa1+ 26.Kd2 Qxb2 27.Bd3 Nxd3 28.Kxd3 Qb5+
29.Kd4  0-1

[Event "21st Honor to National Resistance"]
[Site "Nikaia GRE"]
[Date "2013.08.26"]
[Round "1.12"]
[White "Mouratidis,H"]
[Black "Rigopoulos Tsigkos,A"]
[Result "0-1"]
[WhiteElo "1837"]
[BlackElo "2066"]

1.e4 c5 2.Nf3 e6 3.d4 cxd4 4.Nxd4 a6 5.Nc3 b5 6.a3 Bb7 7.Bd3 Qc7 8.O-O Nf6
9.Qe2 d6 10.Kh1 Nbd7 11.Bd2 Be7 12.f4 h5 13.Rae1 h4 14.e5 h3 15.Ne4 dxe5
16.Nxe6 fxe6 17.Nxf6+ Nxf6 18.Bg6+ Kf8 19.fxe5 hxg2+ 20.Kg1 gxf1=Q+ 21.Kxf1 Qc6
22.Qf2 Qh1+ 23.Ke2 Rxh2 24.Rxh1 Rxf2+ 25.Kxf2 Bxh1 26.exf6 Bxf6 27.Bb4+ Kg8  0-1

[Event "15th Sants Open 2013"]
[Site "Barcelona ESP"]
[Date "2013.08.27"]
[Round "5.8"]
[White "Prasca Sosa,R"]
[Black "Cori,J"]
[Result "1/2-1/2"]
[WhiteElo "2426"]
[BlackElo "2569"]

1.e4 c5 2.Nf3 e6 3.Nc3 a6 4.d4 cxd4 5.Nxd4 Qc7 6.a3 Nc6 7.Be3 Nf6 8.Be2 h5
9.Qd2 b5 10.Nxc6 dxc6 11.e5 Qxe5 12.Bf4 Qc5 13.O-O-O Be7 14.Be3 Qe5 15.Bf4 Qc5
16.Be3 Qf5 17.Bd3 Qe5 18.Rhe1 Bb7 19.Bf4 Qc5 20.Ne4 Nxe4 21.Bxe4 Rd8 22.Qe2 O-O
23.Kb1 Bf6 24.Bc7 Rxd1+ 25.Rxd1 Rc8 26.Bd6 Qg5 27.f4 Qh6 28.Qf2 Ba8 29.Qb6 Rd8
30.Qxa6 e5 31.Rf1 exf4 32.Bxf4 Bg5 33.Bxg5 Qxg5 34.Bxc6 Bxc6 35.Qxc6 Qe5
36.Qf3 f6 37.h3 Kf7 38.Rd1 Rxd1+ 39.Qxd1 Kg6 40.b3 f5 41.Qd2 f4 42.Qd3+ Kg5
43.Qd8+ Kf5 44.a4 bxa4 45.bxa4 g5 46.Qd7+ Kf6 47.Qc6+ Kf5 48.Qd7+ Kf6 49.Qd8+ Kf5
50.Qf8+ Kg6 51.Qg8+ Kh6 52.Qd8 Qe1+ 53.Ka2 Qe4 54.Qf6+ Kh7 55.Qf7+ Kh6 56.Qf6+ Kh7
57.Qf7+  1/2-1/2

[Event "11th Kesan Open"]
[Site "Edirne TUR"]
[Date "2013.08.28"]
[Round "4.16"]
[White "Altin,H"]
[Black "Kemaloglu,K"]
[Result "0-1"]
[WhiteElo "1808"]
[BlackElo "2029"]

1.e4 c5 2.Nf3 e6 3.Nc3 a6 4.d4 cxd4 5.Nxd4 Nc6 6.Be3 Qc7 7.Bd3 Nf6 8.O-O Ne5
9.Bf4 d6 10.Nf3 b5 11.Nxe5 dxe5 12.Be3 Bb7 13.Qf3 Be7 14.Rad1 O-O 15.Ne2 Ne8
16.Qg4 f5 17.exf5 e4 18.Nd4 exf5 19.Nxf5 exd3 20.Rxd3 Bc8 21.Nxe7+ Qxe7 22.Qg3 Nf6
23.Bg5 Bf5 24.Re3 Qb7 25.Rfe1 Ne4 26.Qh4 Nxg5 27.Qxg5 h6 28.Qh4 Rad8 29.c3 Rd7
30.Qh5 Kh7 31.h4 Rff7 32.Re8 Qc6 33.R8e5 Qg6 34.Qe2 Bd3 35.Qe3 Qf6 36.h5 Qf4
37.Re8 Qxe3 38.R1xe3 Bc4 39.b3 Rd1+ 40.Kh2 Bd5 41.Rd8 Rxf2 42.Rg3 Rdd2 43.c4 Rxg2+
44.Rxg2 Rxg2+ 45.Kh3 Be4 46.Rd4 Re2 47.Rd3  0-1

[Event "Nordeste IM 2013"]
[Site "Natal BRA"]
[Date "2013.08.28"]
[Round "1.1"]
[White "Zallio,L"]
[Black "Lebredo Zaragoitia,G"]
[Result "1/2-1/2"]
[WhiteElo "2120"]
[BlackElo "2204"]

1.e4 c5 2.Nf3 e6 3.d4 cxd4 4.Nxd4 a6 5.Nc3 Qc7 6.Bd3 Nc6 7.Nxc6 dxc6 8.O-O e5
9.Be3 Nf6 10.Kh1 Be6 11.Qe2 Bd6 12.f3 O-O 13.Qf2 b5 14.Rfd1 Qe7 15.a3 Nd7
16.Rd2 Bc5 17.Rad1 Bxe3 18.Qxe3 Qc5 19.Qxc5 Nxc5 20.Bf1 Rfc8 21.Kg1 Kf8 22.Kf2 Ke7
23.g3 a5 24.Ke3 b4 25.Nb1 b3 26.Rc1 bxc2 27.Rcxc2 Nb3 28.Rd3 Nd4 29.Rcc3 Rab8
30.Rd2 c5 31.Bc4 Rb6 32.Bxe6 Kxe6 33.Rc4 Rcb8 34.Rxc5 Nb3 35.Rcd5 Nxd2 36.Nxd2 Rb5
37.Rxb5 Rxb5 38.b3 Rb6 39.Kd3 Rd6+ 40.Kc3 Rd7 41.Nc4 Rc7 42.b4 axb4+ 43.axb4 f6
44.b5 Kd7 45.Kb4 Ra7 46.f4 exf4 47.gxf4 Ra2 48.Kc5 Rxh2 49.e5 fxe5 50.fxe5 Rh1
51.b6 Rb1 52.Na3 Re1 53.Kd5 Kc8 54.e6 h5 55.Nc4 h4 56.Ne5 Rd1+ 57.Ke4 Re1+
58.Kf4 Rf1+ 59.Kg4 Rf6 60.e7 Re6 61.Nc6 g5 62.b7+ Kxb7 63.Nd8+ Kc8 64.Nxe6 Kd7
65.Nxg5 Kxe7 66.Kxh4  1/2-1/2

[Event "15th Sants Open 2013"]
[Site "Barcelona ESP"]
[Date "2013.08.29"]
[Round "7.9"]
[White "Kalegin,E"]
[Black "Potkin,V"]
[Result "0-1"]
[WhiteElo "2417"]
[BlackElo "2647"]

1.e4 c5 2.Nf3 e6 3.Nc3 a6 4.d4 cxd4 5.Nxd4 Qc7 6.f4 b5 7.Bd3 Bb7 8.Qf3 Nf6
9.a3 Nc6 10.Nxc6 Qxc6 11.O-O b4 12.axb4 Bxb4 13.Re1 Bxc3 14.bxc3 O-O 15.c4 d6
16.Qh3 e5 17.f5 Nd7 18.g4 f6 19.g5 fxg5 20.Bxg5 Rf7 21.Re2 Nb6 22.Rf1 Nxc4
23.f6 g6 24.Bh6 Qc5+ 25.Kh1 d5 26.Qh4 Nd6 27.Be3 Qc6 28.Rg2 Nxe4 29.Bxe4 dxe4
30.Qg5 Qe6 31.Rgf2 a5 32.Kg2 Raf8 33.h4 Bc8 34.Kg1 Ba6 35.Ra1 Rxf6 36.Rxf6 Rxf6
37.Rxa5 h6 38.Qg2 Rf3 39.Rxe5 Qxe5 40.Qxg6+ Qg7  0-1

[Event "11th Kesan Open"]
[Site "Edirne TUR"]
[Date "2013.08.29"]
[Round "6.1"]
[White "Delchev,A"]
[Black "Rasulov,Vu"]
[Result "1-0"]
[WhiteElo "2631"]
[BlackElo "2483"]

1.e4 c5 2.Nf3 e6 3.d4 cxd4 4.Nxd4 a6 5.Nc3 b5 6.Bd3 Qb6 7.Nf3 Qc7 8.O-O Bb7
9.Bd2 Bc5 10.b4 Be7 11.a4 bxa4 12.Rxa4 Qc8 13.Ne5 Qc7 14.Nc4 d6 15.Na5 Bc8
16.Ra3 Nf6 17.Na4 Nfd7 18.Rc3 Qd8 19.Be3 Bf6 20.Rc4 O-O 21.f4 Qe7 22.Re1 e5
23.f5 Bg5 24.Bf2 Rd8 25.Bf1 g6 26.Qd5 Ra7 27.Bxa7 Nf6 28.Qa8 Bd7 29.Qb7 Ng4
30.Nc3 Bf4 31.g3 Nxh2 32.Ne2 Ng4 33.Bh3 Qg5 34.Bxg4 Qxg4 35.Nxf4 exf4 36.Rc3 f3
37.Bf2 Re8 38.e5 Bxf5 39.Nc4 Qh3 40.Rxf3 Nd7 41.Nxd6 Rb8 42.Qd5 Be6  1-0

[Event "11th Kesan Open"]
[Site "Edirne TUR"]
[Date "2013.08.30"]
[Round "7.10"]
[White "Demiroglu,Arsen"]
[Black "Gholami,A"]
[Result "0-1"]
[WhiteElo "1530"]
[BlackElo "2163"]

1.e4 c5 2.Nf3 e6 3.d4 cxd4 4.Nxd4 a6 5.Nc3 Qc7 6.g3 b5 7.Bg2 Bb7 8.O-O Nf6
9.Re1 d6 10.a4 bxa4 11.Rxa4 Nbd7 12.Nb3 Nb6 13.Ra2 Nc4 14.Qd4 Be7 15.h3 O-O
16.Be3 Nd7 17.Nd2 Nxe3 18.Qxe3 Bf6 19.Ra3 Rab8 20.Rea1 Rfc8 21.Bf1 d5 22.exd5 exd5
23.Nf3 Re8 24.Qd3 Nc5 25.Qf5 Qc6 26.Bg2 Ne4 27.Rd1 Qb6 28.Nxe4 dxe4 29.Rb3 Qc7
30.Ne1 Bc8 31.Rxb8 Qxb8 32.Qd5 e3 33.fxe3 Qxg3 34.Qc6 Qxe3+ 35.Kh1 Bxh3 36.Qxa6 Bg4
37.Rb1 Qh6+  0-1

[Event "11th Kesan Open"]
[Site "Edirne TUR"]
[Date "2013.08.30"]
[Round "8.19"]
[White "Kitir,Ahmet"]
[Black "Onur,Cem"]
[Result "1/2-1/2"]
[WhiteElo "1862"]
[BlackElo "1491"]

1.e4 c5 2.Nf3 e6 3.d4 cxd4 4.Nxd4 a6 5.Nc3 Qc7 6.Be3 Bb4 7.Qd2 Nf6 8.f3 d5
9.e5 Qxe5 10.O-O-O Qc7 11.Re1 O-O 12.Bf4 Qa5 13.Nb3 Bxc3 14.Nxa5 Bxd2+ 15.Kxd2 Nc6
16.Nxc6 bxc6 17.Bd6 Rd8 18.Be7 Rd7 19.Bxf6 gxf6 20.h4 c5 21.h5 h6 22.f4 Bb7
23.g4 Kh8 24.Rg1 Rg8 25.Bh3 Rdd8 26.Rg3 Rg7 27.Rb3 Rd7 28.Rb6 Rg8 29.f5 exf5
30.Rxf6 fxg4 31.Rg1 Kg7 32.Rf4 Kf8 33.Bxg4 Re7 34.Rgf1 Rg7 35.R1f2 Re4 36.Rxe4 dxe4
37.Rf4 Rg5 38.Ke3 Ke7 39.a3 a5 40.b3 Ba8 41.c3 Bb7 42.a4 Ba8  1/2-1/2

[Event "TCh-POL Ekstraliga 2013"]
[Site "Gorzow Wielkopolski POL"]
[Date "2013.08.30"]
[Round "4.5"]
[White "Wieczorek,O"]
[Black "Jaracz,P"]
[Result "1/2-1/2"]
[WhiteElo "2353"]
[BlackElo "2527"]

1.e4 c5 2.Nf3 e6 3.d4 cxd4 4.Nxd4 a6 5.Nc3 d6 6.g3 Bd7 7.Bg2 Nc6 8.O-O Be7
9.Nxc6 Bxc6 10.Qg4 h5 11.Qe2 h4 12.Rd1 hxg3 13.hxg3 Qa5 14.Bf4 Rd8 15.a3 Nf6
16.Rd3 Qh5 17.Qxh5 Nxh5 18.Be3 Nf6 19.Bd4 Rh5 20.Re1 Nd7 21.Rdd1 Bf6 22.Ne2 g5
23.Bxf6 Nxf6 24.Nd4 g4 25.Nxc6 bxc6 26.e5 dxe5 27.Bxc6+ Ke7 28.Rxd8 Kxd8
29.c4 Kc7 30.Ba4 e4 31.b4 Rh8 32.Rd1 e3 33.fxe3 Rh3 34.Rf1 Rxg3+ 35.Kh2 Rf3
36.Rxf3 gxf3 37.Kg3 Ne4+ 38.Kxf3 Nd2+ 39.Kf4 Nxc4 40.Be8 Nd6 41.Ba4 Nc4  1/2-1/2

[Event "TCh-SRB 1st League 2013"]
[Site "Kragujevac SRB"]
[Date "2013.08.30"]
[Round "7.4"]
[White "Boskovic,D"]
[Black "Benkovic,P"]
[Result "1-0"]
[WhiteElo "2427"]
[BlackElo "2428"]

1.e4 c5 2.Nf3 e6 3.d4 cxd4 4.Nxd4 a6 5.Nc3 Qc7 6.Be2 Nf6 7.O-O d6 8.f4 Be7
9.Kh1 O-O 10.a4 Nc6 11.Be3 Bd7 12.Nb3 b6 13.g4 Bc8 14.g5 Nd7 15.Bf3 Bb7 16.Qe2 Rfe8
17.Rae1 Nb4 18.Bg2 Bf8 19.Qf2 Rac8 20.f5 exf5 21.exf5 Ne5 22.h3 Bxg2+ 23.Qxg2 Nc4
24.Bd4 Rxe1 25.Rxe1 Nxb2 26.g6 Qd7 27.gxh7+ Kxh7 28.Rg1 Qxf5 29.Bxg7 Qg6
30.Qf3 Bxg7 31.Rxg6 fxg6 32.Ne4 Nxc2 33.Ng5+ Kh6 34.Qf1 Bc3 35.Ne6 Kh7 36.Qf7+ Kh6
37.Nf4 Kg5 38.Qxg6+ Kxf4 39.Qg4+ Ke3 40.Qxc8 Nd1 41.Kg2 Ne1+ 42.Kg3 Be5+
43.Kg4 Nf2+ 44.Kh5 Ned3 45.Qxa6 Nf4+ 46.Kh6 N4xh3 47.Qxb6+ Kf4 48.a5 Kf5
49.Nd4+ Ke4 50.Ne6 Kf5 51.Ng7+ Ke4 52.Qb1+ Kd5 53.a6 Ng4+ 54.Kg6 Nf4+ 55.Kg5 Nf6
56.a7 Ne4+ 57.Kh6  1-0

[Event "TCh-SRB 1st League w 2013"]
[Site "Kragujevac SRB"]
[Date "2013.08.30"]
[Round "7.1"]
[White "Nestorovic,Katarina"]
[Black "Velikic,A"]
[Result "0-1"]
[WhiteElo "1543"]
[BlackElo "1999"]

1.e4 c5 2.Nf3 e6 3.d4 cxd4 4.Nxd4 a6 5.Nc3 Qc7 6.Bd3 Nf6 7.O-O b5 8.a3 Bb7
9.Qe2 d6 10.f4 Nbd7 11.Bd2 Be7 12.Rae1 O-O 13.e5 dxe5 14.fxe5 Bc5 15.exf6 Bxd4+
16.Be3 Bxf6 17.Bd2 Be5 18.h3 Bd4+ 19.Kh1 Nf6 20.Rf4 Rad8 21.Ref1 Qe5 22.Qxe5 Bxe5
23.R4f2 Nh5 24.Ne2 Bg3 25.Kg1 Bxf2+ 26.Rxf2 Be4 27.Nc1 Bxd3 28.Nxd3 Rc8 29.Bc3 Ng3
30.Nf4 Ne4 31.Rf3 Nxc3 32.Rxc3 Rxc3 33.bxc3 Rd8  0-1

[Event "13th Zug Young Masters"]
[Site "Zug SUI"]
[Date "2013.08.30"]
[Round "4.1"]
[White "Svetushkin,D"]
[Black "Fedorchuk,S"]
[Result "0-1"]
[WhiteElo "2608"]
[BlackElo "2669"]

1.e4 c5 2.Nf3 e6 3.d4 cxd4 4.Nxd4 a6 5.Nc3 b5 6.Bd3 Qb6 7.Nf3 Qc7 8.O-O Bb7
9.Re1 Be7 10.e5 f5 11.a4 b4 12.Nb1 Nc6 13.Nbd2 Na5 14.Nf1 Nh6 15.Bxh6 gxh6
16.Ng3 Rg8 17.Qe2 Nc6 18.Rad1 Nd8 19.Nd4 f4 20.Bxh7 Rg7 21.Qh5+ Kf8 22.Ngf5 exf5
23.Bg6 Qb6 24.e6 dxe6 25.a5 Qc5 26.Nxe6+ Nxe6 27.Rxe6 Kg8 28.Bf7+ Rxf7 29.Rxh6 Qe5  0-1

[Event "15th Sants Open 2013"]
[Site "Barcelona ESP"]
[Date "2013.08.31"]
[Round "9.12"]
[White "Lorenzo de la Riva,L"]
[Black "Lamorelle,J"]
[Result "1-0"]
[WhiteElo "2449"]
[BlackElo "2311"]

1.e4 c5 2.Nf3 e6 3.d4 cxd4 4.Nxd4 a6 5.Nc3 Qc7 6.Bd3 Nf6 7.f4 b5 8.e5 b4
9.Ncb5 axb5 10.exf6 gxf6 11.Nxb5 Qb6 12.Qf3 Ra5 13.Be3 Bc5 14.Bxc5 Qxc5 15.c4 d5
16.Qf2 Nd7 17.O-O Ke7 18.Nd4 dxc4 19.Bxc4 Bb7 20.Rfc1 Rg8 21.Bf1 Qd5 22.Nb3 Ra7
23.Rd1 Qf3 24.Qd2 Bd5 25.Nd4 Qg4 26.Qxb4+ Kd8 27.Rd2 Rb7 28.Qa5+ Ke7 29.Qa3+ Ke8
30.Rc1 Rb8 31.Qd6 Qh3 32.Rc3 Qh4 33.Nf5 exf5 34.Qxd5 Rd8 35.Qd6  1-0

[Event "TCh-SRB 1st League 2013"]
[Site "Kragujevac SRB"]
[Date "2013.08.31"]
[Round "8.6"]
[White "Vuckovic,Bo"]
[Black "Barlov,D"]
[Result "1/2-1/2"]
[WhiteElo "2572"]
[BlackElo "2449"]

1.e4 c5 2.Nf3 e6 3.d4 cxd4 4.Nxd4 a6 5.Nc3 Qc7 6.Bd3 Nc6 7.Nxc6 bxc6 8.O-O e5
9.f4 d6 10.Kh1 Nf6 11.Qf3 Be7 12.f5 Bb7 13.Bg5 h6 14.Bh4 Nh7 15.Bxe7 Qxe7
16.Rad1 Nf6 17.Bc4 O-O 18.Rd2 Rad8 19.Rfd1 Rd7 20.Qe2 a5 21.Na4 Rfd8 22.Nb6 Rc7
23.h3 Kh7 24.Bb3 d5 25.exd5 cxd5 26.Nxd5 Bxd5 27.Bxd5 Rcd7 28.c4 e4 29.Qe3 Kg8
30.Qf4 Nh5 31.Qg4 Nf6 32.Qf4 Nh5 33.Qe3 Nf6 34.Qd4 Kh7 35.Re1 Qb4 36.a3 Qb8
37.Qc3 Nxd5 38.Rxd5 Rxd5 39.cxd5 Rxd5 40.f6 Qe5 41.Qc4 Rd4 42.Qxf7  1/2-1/2

[Event "78th ch-ESP 2013"]
[Site "Linares ESP"]
[Date "2013.08.31"]
[Round "3.7"]
[White "Sanchez Aller,F"]
[Black "Ibarra Jerez,JC"]
[Result "1/2-1/2"]
[WhiteElo "2320"]
[BlackElo "2538"]

1.e4 c5 2.Nf3 e6 3.Nc3 a6 4.d4 cxd4 5.Nxd4 b5 6.g3 Bb7 7.Bg2 Ne7 8.O-O Nbc6
9.e5 Ng6 10.Nxc6 Bxc6 11.Bxc6 dxc6 12.Qe2 Qd4 13.Re1 Be7 14.h4 h5 15.Qf3 Rc8
16.Re4 Qb6 17.b3 Qc5 18.Qe3 Qxe3 19.Bxe3 O-O 20.Ne2 Rfd8 21.Nf4 Nxf4 22.Bxf4 Ba3
23.Kg2 Rd5 24.Kf3 Rcd8 25.Ke2 Bb2 26.Rg1 Bc3 27.f3 b4 28.Rc4 Bd4 29.Rd1 c5
30.Rd3 Kh7 31.Kf1 Kg6 32.g4 Rh8 33.Bg3 hxg4 34.fxg4 Bxe5 35.h5+ Kg5 36.Bf2 Rxd3
37.cxd3 f5 38.Be3+ Kf6 39.g5+ Ke7 40.Bxc5+ Bd6  1/2-1/2

[Event "15th Sants Open 2013"]
[Site "Barcelona ESP"]
[Date "2013.09.01"]
[Round "10.11"]
[White "Wehmeier,S"]
[Black "Hillarp Persson,T"]
[Result "0-1"]
[WhiteElo "2433"]
[BlackElo "2529"]

1.e4 c5 2.Nf3 e6 3.Nc3 a6 4.d4 cxd4 5.Nxd4 b5 6.Be2 Bb7 7.Bf3 Ne7 8.Bg5 h6
9.Bh4 Nbc6 10.e5 Qc7 11.O-O Nxd4 12.Bxb7 Qxb7 13.Bxe7 Nf3+ 14.Qxf3 Qxf3 15.gxf3 Bxe7
16.Ne4 f5 17.Nd6+ Bxd6 18.exd6 Kf7 19.c3 Rab8 20.a4 Rb6 21.Rfd1 bxa4 22.Rxa4 Rc8
23.Rd2 Rcc6 24.Rad4 e5 25.Rd5 Ke6 26.f4 exf4 27.R5d4 Rxd6 28.Re2+ Kf6 29.Rxf4 Rd1+
30.Kg2 Re6 31.Rxe6+ dxe6 32.Rb4 g5 33.Kf3 g4+ 34.Ke3 Re1+ 35.Kd2 Rh1 36.Ra4 Rxh2
37.Ke3 Kg5 38.Ra5 h5 39.b4 Rh3+ 40.Kd4 Rf3 41.Rxa6 Rxf2 42.Ra8 h4 43.b5 h3
44.c4 h2 45.Rh8 g3  0-1

[Event "TCh-POL Ekstraliga 2013"]
[Site "Gorzow Wielkopolski POL"]
[Date "2013.09.01"]
[Round "6.2"]
[White "Gorecka,J"]
[Black "Socko,M"]
[Result "0-1"]
[WhiteElo "2117"]
[BlackElo "2450"]

1.e4 c5 2.Nf3 e6 3.d4 cxd4 4.Nxd4 a6 5.Nc3 Qc7 6.Bd3 Nc6 7.Be3 Nf6 8.O-O h5
9.Nxc6 Ng4 10.g3 Nxe3 11.fxe3 dxc6 12.Qf3 e5 13.Bc4 f6 14.Rad1 Bg4 15.Qf2 Bd6
16.Rd3 O-O-O 17.a3 Be7 18.b4 g5 19.Qg2 Rxd3 20.cxd3 Qd7 21.Rc1 Kb8 22.Qd2 Rd8
23.d4 exd4 24.exd4 Qxd4+ 25.Qxd4 Rxd4 26.Bf1 a5 27.h3 Be6 28.bxa5 Bxa3 29.Rb1 Bb4
30.Ne2 Rxe4 31.Bg2 Rxe2 32.Rxb4 Kc7 33.Bf1 Re3 34.Kf2 Ra3 35.Re4 Kd6 36.Rb4 Bc8
37.Rd4+ Kc7  0-1